00640nam a2200193Ia 4500952013300000999001700133003000400150005001700154008004100171020001500212040000900227082001900236100002200255245006200277260004200339300000900381650001200390942004400402 00102ddc40708ZOOLOGYaMESbMEScZOOd2019-02-20g127.50l0o596.038 CAR/Sp8100r2019-02-20 00:00:00w2019-02-20yBKzGL19R2 c37390d37390OSt20200929094507.0190216s9999||||xx |||||||||||||| ||und|| a0283352779 coclc a596.038bCAR/S aCarter, G S95099 0aStructure And Habit In Vertebrate Evolution /cG S Carter bSidgwich And Jackson,c1971.aLondon: a520p aZoology cBK2ddch596.038iCAR/Sk596.038mCAR/S